Podnetná štúdia Slovenská a ruská próza

Bibliographic Details
Main Authors: Okáli, Daniel, 1903-1987 (Author), Lesňáková, Soňa, 1932-2021 (Author)
Format: Article
Language:Slovak
PhysicalDescription:Nedeľa, príloha Nového slova č. 19, s. 7.
Subjects:

MARC

LEADER 00000nab a2200000 a 4500
001 vtls000154263
003 SK-MaSNL
005 20260303232328.0
008 160215c1983 xo 0 slo
015 |a SNBRB19rr/mm-uuuuu 
035 |a CL0164370 
040 |a SNKBUCL  |b slo  |c SNKBUCL  |e AACR2 
041 0 |a slo 
044 |a xo  |c SK 
080 |a 82.09:82.091:882:885.4"18-19"(08)(048)  |2 1981 
080 |a 82.091  |2 1981 
080 |a 882  |2 1981 
080 |a 885.4"18-19"(08)(048)  |2 1981 
080 |a 882.091  |2 1981 
100 1 |a Okáli, Daniel,  |d 1903-1987  |4 aut  |9 103257 
245 1 0 |a Podnetná štúdia  |b Slovenská a ruská próza  |c Daniel Okáli ; Soňa Lesňáková 
300 |b Nedeľa, príloha Nového slova č. 19, s. 7. 
650 0 7 |a literárna komparatistika  |2 snkbucl  |9 62017 
650 0 7 |a vzťahy literárne  |2 snkbucl  |9 770059 
650 0 7 |a ruská literatúra  |2 snkbucl  |9 1204 
650 0 7 |a literárny preklad  |2 snkbucl  |9 28595 
650 0 7 |a sovietska literatúra  |2 snkbucl  |9 22300 
655 7 |a články z novín a časopisov  |2 snkbucl  |9 267496 
655 7 |a články z odboru literárna veda a krásna literatúra  |2 snkbucl  |9 770045 
700 1 |a Lesňáková, Soňa,  |d 1932-2021  |4 aut  |9 199019 
773 0 |t Nové slovo  |g Roč. 25, č. 24 (1983) 
787 0 8 |i Rec.:  |a Lesňáková, Soňa  |t Slovenská a ruská próza  |d Bratislava : Veda, 1983 
850 |a Slovenská národná knižnica v Martine  |a MTA001 
852 |a SNK  |b KIS3GCP 
958 |a BX 
958 |a RK 
958 |a LX 
958 |a SK 
992 |a RBX 
999 |c 2271382  |d 2273312